000 00700nam a2200229 a 4500
001 62283
003 BD-RjUL
005 20211209081050.0
008 170123m19671962njua 001 0 eng d
035 _a(BD-RjUL)62409
040 _aDLC
_cDLC
_dBD-RjUL
_beng
041 _aeng
082 0 0 _a796.332
_223
_bCHA 1967
245 1 0 _aChampionship football :
_bby 12 great coaches /
_cCompiled and edited by Tom Ecker and Paul Jones
260 _aEnglewood Cliffs, N.J.,
_bPrentice-Hall,
_c1962 [Printing 1967]
300 _aix, 262 p. :
_bill. ;
_c24 cm.
500 _aInclude index.
650 0 _aFootball.
_9185249
700 1 _aEcker, Tom
_9185250
700 1 _aJones, Paul
_9185251
942 _2ddc
_cBK
999 _c62283
_d62283